000
00277nam a22001217a 4500
008
180301b xxu||||| |||| 00| 0 eng d
041
_a
eng
080
_a
232
100
_a
24
101
_a
TEO
245
_a
Gleanings from the Writings of Baha'u'llah
_c
Bahai
942
_2
udc
_c
BK
999
_c
43897
_d
43897